Development and implementation of ship BWMS (Record no. 113699)

MARC details
000 -LEADER
fixed length control field 00595 a2200205 4500
005 - DATE AND TIME OF LATEST TRANSACTION
control field 20250107112409.0
008 - FIXED-LENGTH DATA ELEMENTS--GENERAL INFORMATION
fixed length control field 241101b |||||||| |||| 00| 0 eng d
020 ## - INTERNATIONAL STANDARD BOOK NUMBER
International Standard Book Number 9789813368644
080 ## - UNIVERSAL DECIMAL CLASSIFICATION NUMBER
Universal Decimal Classification number 629.5.062.2
Item number CHE/D
100 ## - MAIN ENTRY--PERSONAL NAME
Personal name Chen, Ning
245 ## - TITLE STATEMENT
Title Development and implementation of ship BWMS
260 ## - PUBLICATION, DISTRIBUTION, ETC. (IMPRINT)
Name of publisher, distributor, etc Springer
Place of publication, distribution, etc Singapore
Date of publication, distribution, etc 2021
300 ## - PHYSICAL DESCRIPTION
Extent ix,284p.
653 ## - INDEX TERM--UNCONTROLLED
Uncontrolled term Ships - Ballast Water Management Systems(BWMS)
653 ## - INDEX TERM--UNCONTROLLED
Uncontrolled term Ballast water treatment facilities
653 ## - INDEX TERM--UNCONTROLLED
Uncontrolled term Ballast water -- Purification
700 ## - ADDED ENTRY--PERSONAL NAME
Personal name Zongming Yang
700 ## - ADDED ENTRY--PERSONAL NAME
Personal name Wenbin Luo
942 ## - ADDED ENTRY ELEMENTS (KOHA)
item type Books
Holdings
Lost status Source of classification or shelving scheme Not for loan Home library Current library Date acquired Cost, normal purchase price Total Checkouts Full call number Barcode Date last seen Cost, replacement price Price effective from Koha item type
  Universal Decimal Classification   University Library University Library 01/03/2024 9953.29   629.5.062.2 CHE/D 00096240 01/03/2024 13271.05 01/03/2024 Books
University Library, CUSAT